| 000 | 00400nam a22001577a 4500 | ||
|---|---|---|---|
| 003 | CEME | ||
| 005 | 20210628202617.0 | ||
| 008 | 210316b xxu||||| |||| 00| 0 eng d | ||
| 040 | _c. | ||
| 082 | _a297.61 FUI'N | ||
| 100 |
_aFuiz-Ur-Rehman _960701 |
||
| 245 | _aNishan-A-Manzal ,Namwar Muslim Sipha Salar | ||
| 260 |
_aRAWALPINDI _bARMY EDUCATION PRESS _c1995 |
||
| 300 | _a303P | ||
| 942 |
_cBK _2ddc |
||
| 999 |
_c570371 _d570371 |
||